|
|
|
|
| LEADER |
00000cas a2200000 a 4500 |
| 001 |
vtls010480783 |
| 003 |
SK-MaSNL |
| 005 |
20260228161201.0 |
| 008 |
130102d20122013xo x|p 0 b0slo |
| 022 |
|
|
|a 1339-0295
|
| 040 |
|
|
|a SVKBB
|b slo
|c SVKBB
|d SNK
|e AACR2
|
| 041 |
0 |
|
|a slo
|
| 044 |
|
|
|a xo
|c SK
|
| 072 |
|
7 |
|a 641
|x Kuchárstvo. Potraviny. Varené jedlá
|2 konspekt
|
| 072 |
|
7 |
|a 316.3
|x Globálne spoločnosti. Sociálna štruktúra. Sociálne skupiny
|2 konspekt
|
| 080 |
|
|
|a 316.346.32-053.9
|2 2011
|
| 080 |
|
|
|a (083.12)
|2 2011
|
| 080 |
|
|
|a 050
|2 2001
|
| 080 |
|
|
|a 641.53
|2 2011
|
| 080 |
|
|
|a 641.526.2
|2 2011
|
| 210 |
0 |
|
|a Recepty sr.
|
| 222 |
|
0 |
|a Recepty pre seniorov
|
| 245 |
0 |
0 |
|a Recepty pre seniorov
|
| 260 |
|
|
|a Bratislava
|b Bauer Media SK
|c 2012-2013
|
| 300 |
|
|
|a 2 zv.
|c 27 cm
|
| 310 |
|
|
|a Občasník
|
| 362 |
0 |
|
|a Roč. I, č. 1 (7. 12. 2012)-roč. II, č. 2 (23. 5. 2013)
|
| 500 |
|
|
|a Evidenčné číslo: EV 4716/12
|
| 500 |
|
|
|a Vedúca šéfred.: 2012-2013, Jana Kopčoková
|
| 650 |
0 |
7 |
|a seniori
|2 SNKPH
|9 117453
|
| 650 |
0 |
7 |
|a varenie
|2 SNKPH
|9 4177
|
| 650 |
0 |
7 |
|a pečenie (príprava jedál)
|2 SNKPH
|9 55369
|
| 655 |
|
7 |
|a kuchárske recepty
|2 SNKPH
|9 70493
|
| 700 |
1 |
|
|a Kopčoková, Jana
|4 pbd
|9 268151
|
| 852 |
|
|
|a Štátna vedecká knižnica v Banskej Bystrici
|
| 910 |
|
|
|a snk
|
| 999 |
|
|
|c 4592
|d 6522
|
| 952 |
|
|
|0 0
|1 0
|4 0
|7 0
|8 0
|a SNK
|b SNK
|d 2019-07-10
|i snk2019/18264
|l 0
|o snkČSB 7180/1/2012
|p 17A1369018
|r 2026-02-21 22:21:14
|t len č. 1
|w 2026-02-21
|y PREZ
|
| 952 |
|
|
|0 0
|1 0
|4 0
|7 0
|8 0
|a SNK
|b SNK
|d 2019-07-10
|i snk2019/18267
|l 0
|o snkČSB 7180/1/2012 D1
|p 17A1369017
|r 2026-02-21 22:21:15
|t len č. 1
|w 2026-02-21
|y PREZ
|
| 952 |
|
|
|0 0
|1 0
|4 0
|7 0
|8 0
|a SNK
|b SNK
|d 2019-07-10
|i snk2019/18268
|l 0
|o snkČSB 7180/2/2013
|p 17A1369016
|r 2026-02-21 22:21:15
|t č. 1-2
|w 2026-02-21
|y PREZ
|
| 952 |
|
|
|0 0
|1 0
|4 0
|7 0
|8 0
|a SNK
|b SNK
|d 2019-07-10
|i snk2019/18271
|l 0
|o snkČSB 7180/2/2013 D1
|p 17A1369015
|r 2026-02-21 22:21:15
|t č. 1-2
|w 2026-02-21
|y PREZ
|